Statistiques concernant Culture Générale - Série 2008

Cliquez ici pour prendre le quiz!

Statistiques générales

  • Ce quiz a été pris 62 fois
  • Le résultat moyen est 5 sur 10

Statistiques - réponses

QuestionRéponse% Correct
C'est un mammifère marin et un code permettant de transmettre un texte à l'aide de séries d'impulsions courtes et longues,morse
87%
Femme du père, par rapport aux enfants qu'il a eus d'un premier mariage ou mauvaise mèremarâtre
78%
Quelle ville était surnommée "La capitale des Gaules" ?Lyon
77%
Qui était "L'emmerdeur" dans le film du même nom réalisé en 1973 par Edouard Molinaro ?Jacques Brel
60%
Quelle chanteuse noire américaine était surnommée "La grande dame du jazz" ?Ella Fitzgerald
43%
Dans quel département français se trouve la commune de Carry-le-Rouet où Nina Simone s'est éteinte en 2003 ?Bouches-du-Rhône
38%
Sous quel nom connait-on mieux la chanteuse, actrice, imitatrice et animatrice de télévision française, Eliane Falliex ?Liane Foly
38%
Quelle ville du Maroc, désormais la plus grande station balnéaire du pays, a été ravagée en 1960 par un tremblement de terre ?Agadir
25%
Gardien d'une manade camarguaise ou troupe de taureaux ou de chevaux élevée en semi-liberté et appartenant à un manadiergardian
20%
Son nom scientifique est : Hibiscus syriacus - voir photoalthea
5%

Distribution des résultats

Percentile par nombre de réponses

% des personnes avec chaque résultat

Votre développement - résultats

Vous n’avez pas pris ce quiz